Ölüme yürüyüş : (Record no. 15592)

MARC details
000 -BAŞLIK
Sabit Uzunlukta Kontrol Alanı 00889nam a22002657a 4500
999 ## - SİSTEM KONTROL NUMARALARI (KOHA)
Koha Biblionumber 15592
Koha Biblioitemnumber 15592
003 - KONTROL NUMARASI IDENTIFIER
Denetim Alanı MIRAKIL
005 - SON İŞLEM TARİHİ VE ZAMANI
Denetim Alanı 20240308132509.0
008 - SABİT-BOY VERİ ELEMANLARI - GENEL BİLGİLER
Sabit Uzunlukta Kontrol Alanı 240308b tu ||||| |||| 00| 0 tur d
020 ## - ULUSLARARASI STANDART KİTAP NUMARASI
Uluslararası Standart Kitap Numarası 9786054556014
040 ## - KATALOGLAMA KAYNAK
Orijinal Kataloglama Ajansı TR-AnCHP
Metne Dönüştürmek Ajansı TR-AnCHP
041 ## - DİL KODU
Metin / Ses Parça Veya Ayrı Başlığın Dil Kodu tur
082 ## - DEWEY ONLU SINIFLANDIRMA NUMARASI
Sınıflandırma Numarası 813.42
Ürün Numarası T27ö 2011
090 ## - SINIFLAMA NUMARASI
Sınıflama Numarası 813.42 T27ö 2011
100 ## - ANA GİRİŞ - KİŞİSEL İSİM
Kişisel Ad Taşkıran, Cemalettin
245 10 - BAŞLIK TABLOSU
Başlık Ölüme yürüyüş :
Başlığın Kalan (Sarıkamış dramının romanı) /
Sorumluluk Tablosu, Vb Cemalettin Taşkıran.
246 ## - UNVAN FORM VARYING
Başlık Doğru / Kısa Başlığı Sarıkamış dramının romanı
260 ## - YAYIN, DAĞITIM, VB
Yayın, Dağıtım, Vb Yeri Ankara :
Yayıncı, Dağıtıcı, Vs Adı Sarkaç Yayınları,
Yayın, Dağıtım, Vb Tarihi 2011.
300 ## - FİZİKSEL TANIM
Kapsam 139 s. :
Diğer Fiziksel Ayrıntıları fotoğ., hrt. ;
Boyutlar 23 cm.
490 0# - SERİSİ TABLOSU
Seri Beyanı Sarkaç roman ;
Hacim / Ardışık Tanımı 6.
504 ## - KAYNAKÇA VB NOT
Kaynakça Vb Notu Kaynakça: 117-119. ss.<br/>
650 #0 - KONU KATMA GİRİŞ - TOPİKAL DÖNEM
9 (RLIN) 19
Topikal Süreli Veya Coğrafi Ad Giriş Elemanı Türk edebiyatı
Genel Alt Bölümü Roman
651 #0 - KONU KATMA GİRİŞ - COĞRAFİ ADI
9 (RLIN) 6536
Coğrafi İsim Sarıkamış (kars)
856 ## - ELEKTRONİK YER VE ERİŞİM
Kamu Notu Dijital Nüshası için Partimizin Kütüphane Sorumlusu ile iletişime geçiniz.
942 ## - EKLENDİ GİRİŞ ELEMANLARI (KOHA)
Sınıflandırma Veya Raf Düzeni Kaynak Dewey Decimal Classification
Koha Öğesi Türü Books
Holdings
Kalıcı Konum Mevcut Konum Edinme Tarihi Toplam Check-Out'Lar Tam Çağrı Numarası Barkod Tarih Son Görülme İtibaren Geçerli Fiyatlar Koha Öğesi Türü
CHP Kütüphanesi CHP Kütüphanesi 03/08/2024   813.42 T27ö 2011 21479 03/08/2024 03/08/2024 Books